| 000 | 00591nam a22002057a 4500 | ||
|---|---|---|---|
| 003 | OSt | ||
| 005 | 20140310182943.0 | ||
| 008 | 130204t xxu||||| |||| 00| 0 eng d | ||
| 020 | _a971270694X | ||
| 050 |
_aHN 713.5 _b.D7151998 |
||
| 082 |
_aFIL 302.1 _bD251 1998 |
||
| 245 |
_aPublic lives : _bessays on selfhood and social solidarity / _cDavid, Randy ; [edited by Lolia R. Lacuesta] |
||
| 260 |
_aPasig City : _bAnvil, _c1998 |
||
| 300 |
_axvii, 246 p. _bill. _c 23 cm |
||
| 521 | _aCollege | ||
| 526 | _c1210L-1700L | ||
| 541 | _j1 | ||
| 562 | _e1 | ||
| 942 |
_2lcc _cBK _kFIL |
||
| 999 |
_c17759 _d17759 |
||